000 00450cam a2200169ua 4500
041 _aeng
_h
082 _a928.3
_bLOC/LI
100 _aLockhart, J G .
245 _aLife of Sir Walter Scott /
_cJ G Lockhart.
_hTextual Documents
260 _aLondon :
_bJ M Dent and Sons Ltd ,
_c1957.
300 _a683 ; .
440 0 _aEveryman`s Library,
_v39
_x;
490 0 _aEveryman`s Library,
_v39
_x;
504 _a
942 _cBK
999 _c6334
_d6334